[Event "VI World Blitz"]
[Site "Moscow RUS"]
[Date "2010.11.17"]
[Round "20.2"]
[White "Nepomniachtchi, Ian"]
[Black "Kramnik, Vladimir"]
[Result "1-0"]
[WhiteElo "2720"]
[BlackElo "2791"]
[Annotator "Friedel,Frederic"]
[PlyCount "91"]
[EventDate "2010.11.16"]

1. e4 d6 2. d4 Nf6 3. Nc3 g6 4. f3 a6 5. a4 Bg7 6. Be3 O-O 7. g4 c5 8. d5 Qa5
9. Ra3 Nbd7 10. h4 Ne5 11. Be2 Bxg4 12. fxg4 Nxe4 13. Rh3 f5 14. gxf5 Rxf5 15.
Nf3 Ng4 16. Qd3 Ngf6 17. Bd2 Nxd2 18. Nxd2 Rf8 19. Rb3 b5 20. axb5 axb5 21. Ra3
Qb4 22. Qxb5 Qf4 23. Nd1 Bh6 24. Nf1 Qc1 25. Raf3 Re5 26. Kf2 Qxc2 27. Nde3
Bxe3+ 28. Nxe3 Qd2 29. Kg2 Rxe3 30. Rxe3 Nxd5 31. Qc4 e6 32. Ref3 Nf4+ 33. Rxf4
Rxf4 34. Qxe6+ Kg7 35. Rf3 Rxf3 ({erroneously given in the official bulletin:} 
35... Qxb2 36. Qe7+ Kh6 37. Qf8+ Qg7 38. Qxf4+ g5 39. Qxd6+ Kh5 40. Kg3 g4 41.
Qxc5+ Kh6 42. Qe3+ Kg6 43. Qg5#) 36. Kxf3 Qxb2 37. Qe7+ Kh6 38. Qf8+ Qg7 39.
Qf4+ g5 40. Qxd6+ Kh5 41. Kg3+ g4 42. Qxc5+ Kh6 43. Qe3+ Kg6 44. Qg5+ Kf7 45.
Bc4+ Kf8 46. Qd8# 1-0

[Event "VI World Blitz"]
[Site "Moscow RUS"]
[Date "2010.11.16"]
[Round "3.1"]
[White "Kramnik, Vladimir"]
[Black "Carlsen, Magnus"]
[Result "0-1"]
[WhiteElo "2791"]
[BlackElo "2802"]
[Annotator "Friedel,Frederic"]
[PlyCount "117"]
[EventDate "2010.11.16"]

1. Nf3 Nf6 2. c4 e6 3. g3 b6 4. Bg2 Bb7 5. O-O c5 6. Nc3 d6 7. b3 Be7 8. Bb2
O-O 9. e3 Nbd7 10. d4 Ne4 11. Qe2 Nxc3 12. Bxc3 Be4 13. Rfd1 Qc7 14. Ne1 Bxg2
15. Nxg2 cxd4 16. exd4 d5 17. Rac1 Nf6 18. Nf4 Rad8 19. c5 a5 20. Be1 bxc5 21.
dxc5 Ne4 22. Qb5 Ra8 23. c6 Rfb8 24. Qe2 Bd6 25. Nh5 Rb6 26. f3 Nf6 27. Nxf6+
gxf6 28. Qc2 Raa6 29. Qe2 Rxc6 30. Bd2 Rxc1 31. Rxc1 Rc6 32. Rxc6 Qxc6 33. Qd3
a4 34. Kg2 Kg7 35. g4 axb3 36. Qxb3 Qa6 37. Kf2 d4 38. a4 Bxh2 39. Qb5 Qd6 40.
Ke2 Qg3 41. Qc6 Qg2+ 42. Kd3 Bg1 43. a5 Qf1+ 44. Kc2 Qe2 45. Qe4 Qc4+ 46. Kd1
Qb3+ 47. Ke2 Be3 48. Bxe3 dxe3 ({Given erroneously in the official bulletin.} 
48... Qb5+ 49. Kf2 Qxa5 50. Qd3 Qe5 51. Kg2 f5 52. gxf5 Qxf5 53. Qxd4+ Qf6 54.
Qc4 h5 55. Qe2 Qf4 56. Qb2+ Kg6 57. Qc2+ Qf5 58. Qc8 Qg5+ 59. Kh3 Kg7 60. Qc3+
Kh7 61. Qc7 Qf5+ 62. Kg2 h4 63. Kf2 Qg6 64. Ke2 h3) 49. Qxe3 Qb5+ 50. Kf2 Qxa5
51. Qd3 Qe5 52. Kg2 f5 53. gxf5 Qxf5 54. Qd4+ Qf6 55. Qc4 h5 56. Qe2 Qf4 57.
Qb2+ Kg6 58. Qc2+ Qf5 59. Qe2 0-1

[Event "VI World Blitz"]
[Site "Moscow RUS"]
[Date "2010.11.16"]
[Round "12.6"]
[White "Nakamura, Hikaru"]
[Black "Movsesian, Sergei"]
[Result "1-0"]
[WhiteElo "2741"]
[BlackElo "2721"]
[Annotator "Friedel,Frederic"]
[PlyCount "191"]
[EventDate "2010.11.16"]

1. e4 d6 2. d4 Nf6 3. Bd3 e5 4. c3 Nc6 5. Ne2 d5 6. exd5 Qxd5 7. O-O exd4 8.
Re1 Be7 9. cxd4 O-O 10. Nbc3 Qd8 11. a3 Bg4 12. Qc2 Re8 13. Be3 Bd6 14. h3 Bh5
15. Bg5 Bg6 16. Bxg6 hxg6 17. Qb3 Na5 18. Qa4 c6 19. Rad1 b5 20. Qc2 a6 21. Nc1
Nc4 22. d5 Rxe1+ 23. Rxe1 cxd5 24. Nxd5 Bh2+ 25. Kxh2 Qxd5 26. Bh4 g5 27. Bg3
Rd8 28. Re2 Qd1 29. Na2 Qxc2 30. Rxc2 Ne4 31. Nb4 a5 32. Nc6 Rd2 33. Rxd2 Nexd2
34. Nd4 Nxb2 35. Nxb5 Nbc4 36. Bc7 f5 37. Bd8 g4 38. hxg4 fxg4 39. Kg3 Ne4+ 40.
Kxg4 Nxf2+ 41. Kf3 Nd3 42. Ke4 Ndb2 43. Kd4 Kf7 44. Kc3 Ke6 45. Bxa5 Kd5 46.
Bb4 Nd1+ 47. Kd3 Ndb2+ 48. Ke2 Na4 49. Kf3 Ne5+ 50. Ke2 Nb6 51. Bc3 g6 52. Nc7+
Ke4 53. Ne6 Nec4 54. Bb4 Nd5 55. Bf8 Nc3+ 56. Ke1 Nb2 57. Bg7 Nd3+ 58. Kf1 Na4
59. Bf8 Ne5 60. Nc5+ ({Bulletin notation erroneous:} 60. Bc5 Nd3 61. Bf8 Nab2
62. Ke2 Na4 63. Bb4 Nb6 64. Bc5 Na4 65. Bd6 Nc3+ 66. Kd2 Na4 67. Kc2 Kd5 68.
Kb3 Nb6 69. Bf8 Nd7 70. Bb4 g5 71. a4 g4 72. Kc3 Nf6 73. Kxd3 Ne4 74. a5 Ng3
75. a6 Kc6 76. Be1 Nf5 77. Ke4 Nd6+ 78. Ke5 Nc4+ 79. Kf4 Kb6 80. Bf2+ Kxa6 81.
Kxg4 Kb5 82. Kf5) 60... Nxc5 61. Bxc5 Nd3 62. Bf8 Nb2 63. Ke2 Na4 64. Bb4 Nb6
65. Bc5 Na4 66. Bd6 Nc3+ 67. Kd2 Na4 68. Kc2 Kd5 69. Kb3 Nb6 70. Bf8 Nd7 71.
Bb4 g5 72. a4 g4 73. Kc3 Nf6 74. Kd3 Ne4 75. a5 Ng3 76. a6 Kc6 77. Be1 Nf5 78.
Ke4 Nd6+ 79. Ke5 Nc4+ 80. Kf4 Kb6 81. Bf2+ Kxa6 82. Kxg4 Kb5 83. Kf5 Kc6 84.
Ke6 Nd2 85. g4 Nf3 86. Be3 Kc7 87. Bc1 Kc6 88. Bf4 Nd4+ 89. Kf6 Nf3 90. Ke6
Nd4+ 91. Ke5 Nf3+ 92. Ke4 Nh4 93. Bg5 Ng6 94. Kf5 Nf8 95. Be7 Nd7 96. g5 1-0